Countries Ending in "IA" - Statistics

General Stats
  • This quiz has been taken 233 times
  • The average score is 32 of 38
Answer Stats
Country % Correct
Slovakia
94%
Indonesia
93%
Slovenia
93%
Australia
92%
Latvia
91%
Albania
90%
Serbia
90%
Ethiopia
89%
India
89%
Austria
88%
Colombia
88%
Lithuania
88%
Malaysia
87%
Zambia
87%
Croatia
86%
Estonia
86%
Algeria
85%
Bolivia
85%
Bulgaria
85%
Georgia
85%
Namibia
85%
Nigeria
85%
Romania
85%
Russia
84%
The Gambia
84%
Cambodia
83%
Somalia
83%
Mauritania
82%
Tanzania
82%
Tunisia
82%
Liberia
80%
Armenia
79%
Mongolia
78%
Saudi Arabia
77%
Syria
77%
North Macedonia
75%
F.S. Micronesia
74%
Saint Lucia
70%
No matching quizzes found
Score Distribution
Percent of People with Each Score
Percentile by Number Answered
Your Score History
You have not taken this quiz